[Event "Campeonato Brasileiro Amador 2019 U2200"]
[Site "Sao Paulo"]
[Date "2019.06.21"]
[Round "4.8"]
[White "Soares, Renan Barbosa Montei"]
[Black "Almeida Junior, Alvaro Alves De"]
[Result "0-1"]
[WhiteElo "1991"]
[BlackElo "2059"]
[PlyCount "62"]
[EventDate "2019.06.20"]

{[%evp 0,62,29,52,72,-24,69,45,25,51,69,76,72,64,64,48,48,69,69,35,52,31,24,46,
48,55,76,57,58,-11,4,-17,-27,-19,7,-72,10,-24,12,-49,-2,6,6,35,120,64,64,64,64,
-7,0,0,0,-192,-174,-364,-364,-1462,-1639,-29993,-29994,-29995,-29996,-29997,
-29998]} 1. d4 Nf6 2. c4 g6 3. Nc3 d5 4. cxd5 Nxd5 5. e4 Nxc3 6. bxc3 Bg7 7.
Bc4 c5 8. Ne2 O-O 9. Be3 Nc6 10. O-O Na5 11. Bd3 c4 12. Bc2 b6 13. h3 Bb7 14.
f4 e6 15. Qe1 f5 16. Ng3 h5 17. Rd1 Qe8 18. Bc1 Rd8 19. Qe2 Rf7 20. Rfe1 Qc6
21. d5 exd5 22. exf5 d4 23. fxg6 Re7 24. Qf2 Rxe1+ 25. Rxe1 d3 26. Bd1 Bxc3 27.
Re7 d2 28. Nf5 dxc1=Q 29. Rf7 Rxd1+ 30. Kh2 Rh1+ 31. Kg3 Qxg6+ 0-1

[Event "Campeonato Brasileiro Amador 2019 U2200"]
[Site "Sao Paulo"]
[Date "2019.06.21"]
[Round "4.10"]
[White "Do Valle Cardoso, Lucas"]
[Black "Mobaier, Sergio"]
[Result "1-0"]
[WhiteElo "2198"]
[BlackElo "1918"]
[PlyCount "53"]
[EventDate "2019.06.20"]

{[%evp 0,53,16,28,21,41,66,57,57,74,67,50,100,85,99,117,59,57,38,18,34,67,34,
14,46,66,141,141,141,138,144,138,166,190,190,188,195,203,206,216,220,129,228,
250,276,276,294,335,852,724,902,677,1241,1677,29979,29980]} 1. e4 d5 2. exd5
Qxd5 3. Nc3 Qa5 4. d4 Nf6 5. Nf3 c6 6. Bc4 Bf5 7. Bd2 e6 8. Bb3 Qc7 9. Qe2 Be7
10. Ne5 Nbd7 11. g4 Bg6 12. h4 Nxe5 13. dxe5 Nxg4 14. Qxg4 Qxe5+ 15. Qe2 Qc5
16. h5 Bf5 17. Be3 Qb4 18. O-O-O Bf6 19. a3 Qa5 20. Bd2 Qc7 21. Ne4 Be5 22. Bb4
Bf4+ 23. Kb1 Qb6 24. h6 Bxh6 25. Rxh6 Bxe4 26. Qxe4 gxh6 27. Qe5 1-0

[Event "Campeonato Brasileiro Amador 2019 U2200"]
[Site "Sao Paulo"]
[Date "2019.06.21"]
[Round "4.11"]
[White "Souza Dos Santos, Matheus Garcett"]
[Black "Januario, Severino Pereira"]
[Result "0-1"]
[WhiteElo "1867"]
[BlackElo "2135"]
[PlyCount "91"]
[EventDate "2019.06.20"]

1. e4 c5 2. Nf3 d6 3. d4 cxd4 4. Nxd4 Nf6 5. Nc3 a6 6. Bc4 e6 7. Bb3 Be7 8. Be3
O-O 9. O-O Qc7 10. f4 Nc6 11. f5 Nxd4 12. Bxd4 b5 13. fxe6 fxe6 14. Nd5 exd5
15. Bxf6 Bxf6 16. Bxd5+ Be6 17. Bxe6+ Kh8 18. Rb1 Be5 19. Qe2 Rxf1+ 20. Rxf1
Qc5+ 21. Kh1 Bxb2 22. Qf3 h6 23. Bf5 Rf8 24. Qh5 Qc4 25. Rd1 Be5 26. Qg6 Qg8
27. g4 Rf6 28. Qh5 Bf4 29. Rf1 Bg5 30. h4 g6 31. hxg5 gxh5 32. gxf6 hxg4 33.
Bd7 Qf7 34. Bxg4 Kg8 35. Rf5 Qxa2 36. f7+ Kf8 37. Rf2 Qc4 38. Bh5 Qxe4+ 39. Bf3
Qh4+ 40. Kg2 Kxf7 41. Bb7+ Ke7 42. Bxa6 Qg5+ 43. Kf1 Kd7 44. Bb7 d5 45. Ba6
Qc1+ 46. Kg2 0-1

[Event "Campeonato Brasileiro Amador 2019 U2200"]
[Site "Sao Paulo"]
[Date "2019.06.21"]
[Round "4.12"]
[White "Marcolino, Antonio Claudio H."]
[Black "Van Riemsdijk, Dirk D."]
[Result "1-0"]
[WhiteElo "2103"]
[BlackElo "1931"]
[PlyCount "49"]
[EventDate "2019.06.20"]

{[%evp 0,49,16,10,21,8,44,34,30,21,32,11,4,-12,-23,-7,39,3,1,8,25,27,27,21,20,
20,29,-63,197,176,209,146,114,161,165,145,171,171,210,210,282,263,231,199,199,
191,191,173,517,517,676,662]} 1. d4 d5 2. c4 c6 3. Nc3 Nf6 4. Nf3 dxc4 5. a4
Bf5 6. e3 e6 7. Bxc4 Bd6 8. O-O Nbd7 9. Qe2 Ne4 10. Nxe4 Bxe4 11. Nd2 Bg6 12.
e4 e5 13. f4 Qb6 14. f5 exd4 15. Bd3 Ne5 16. fxg6 hxg6 17. h3 Qc7 18. Nc4 Nxc4
19. Bxc4 f6 20. Qg4 g5 21. Bxg5 fxg5 22. Rf7 Be7 23. Qf5 Rh6 24. Rxg7 Rf6 25.
Qxf6 1-0

[Event "Campeonato Brasileiro Amador 2019 U2200"]
[Site "Sao Paulo"]
[Date "2019.06.21"]
[Round "4.13"]
[White "Duailibi, Ricardo Miguel"]
[Black "De Souza, Gilberto Ferreira"]
[Result "1-0"]
[WhiteElo "1828"]
[BlackElo "2079"]
[PlyCount "94"]
[EventDate "2019.06.20"]

{[%evp 0,64,16,28,43,26,21,-18,49,-18,58,28,65,-7,68,68,59,15,66,1,79,1,-10,11,
42,1,30,9,26,-1,72,72,72,66,56,66,64,64,76,93,68,71,56,57,86,58,129,29,34,34,
34,17,17,-5,-30,5,64,64,61,48,15,8,8,-15,-16,-30,-21]} 1. e4 e5 2. Nf3 Nc6 3.
Bc4 d6 4. c3 Na5 5. Be2 Nc6 6. O-O Be7 7. d4 Nf6 8. Nbd2 O-O 9. Re1 Bg4 10.
dxe5 dxe5 11. Qc2 Bc5 12. Nf1 h6 13. Be3 Bb6 14. a4 a5 15. Bxb6 cxb6 16. Ne3
Be6 17. Bc4 Bxc4 18. Nxc4 Qc7 19. Qb3 Nd7 20. Rad1 Rad8 21. Rd2 Ne7 22. Red1
Nc8 23. g3 Nc5 24. Qc2 Rxd2 25. Rxd2 f6 26. b4 Nxa4 27. Qb3 Qf7 28. Rd5 b5 29.
bxa5 Nxc3 30. Qxc3 bxc4 31. Qxc4 Ne7 32. Rc5 Qxc4 33. Rxc4 Rc8 34. Nd2 Nc6 35.
Nb3 Ra8 36. Rc5 Kf7 37. Kf1 Ke7 38. Rb5 Ra7 39. Ke2 Kd6 40. Kd3 Nb8 41. Rd5+
Ke7 42. Kc4 Nd7 43. Kb5 b6 44. axb6 Rb7 45. Rxd7+ Rxd7 46. Nc5 Rd1 47. Kc6 Kd8
1-0

[Event "Campeonato Brasileiro Amador 2019 U2200"]
[Site "Sao Paulo"]
[Date "2019.06.21"]
[Round "4.14"]
[White "Pomar, Marcelo Nascimento"]
[Black "Andrade, Guilherme A. De Souz"]
[Result "1-0"]
[WhiteElo "2019"]
[BlackElo "1862"]
[PlyCount "65"]
[EventDate "2019.06.20"]

{[%evp 0,65,27,10,19,-13,6,-32,55,7,18,34,16,-4,17,36,31,32,45,21,40,-2,28,33,
42,32,45,37,37,37,37,39,84,76,75,75,75,75,75,77,91,103,97,68,100,87,76,91,185,
173,173,185,181,181,268,241,255,274,283,290,290,295,304,312,29985,29986,29987,
29988]} 1. Nf3 d5 2. g3 Nf6 3. Bg2 c6 4. O-O Bf5 5. d3 h6 6. Nbd2 e6 7. Qe1 Be7
8. e4 dxe4 9. dxe4 Bh7 10. Qe2 O-O 11. b3 a5 12. Bb2 Nbd7 13. Rfd1 a4 14. e5
Nd5 15. c4 a3 16. Bd4 Nb4 17. Ne4 Bxe4 18. Qxe4 Bc5 19. Bc3 Qc7 20. Rd2 Rfd8
21. Rad1 Be7 22. Qe2 Nb6 23. Rd6 Rxd6 24. exd6 Bxd6 25. Qd2 N4d5 26. cxd5 exd5
27. Qd4 Bf8 28. Nh4 c5 29. Qg4 d4 30. Bd2 Kh8 31. Be4 Nc8 32. Qf5 g6 33. Nxg6+
1-0

[Event "Campeonato Brasileiro Amador 2019 U2200"]
[Site "Sao Paulo"]
[Date "2019.06.21"]
[Round "4.15"]
[White "Pertuzatti, Daniel"]
[Black "Costa, Henrique De Jesus"]
[Result "0-1"]
[WhiteElo "1935"]
[BlackElo "1800"]
[PlyCount "76"]
[EventDate "2019.06.20"]

{[%evp 0,62,26,34,86,76,76,64,33,32,38,79,76,85,113,82,77,73,37,48,48,11,11,11,
11,15,27,6,-33,-33,-26,-26,-26,-22,-24,-56,-38,-38,-12,-82,-19,-78,-93,-280,
-286,-286,-286,-301,-278,-280,-270,-343,-343,-434,-678,-696,-329,-355,-191,
-190,-217,-327,-327,-327,-337]} 1. e4 c5 2. Nf3 e6 3. d4 cxd4 4. Nxd4 Nc6 5.
Nc3 Qc7 6. Be3 a6 7. a3 Nf6 8. f4 Nxd4 9. Qxd4 Ng4 10. Qb6 Bd6 11. e5 Nxe3 12.
Qxe3 Bc5 13. Qe4 d5 14. exd6 Bxd6 15. g3 Bd7 16. Bg2 Bc6 17. Qe2 Bxg2 18. Qxg2
Bc5 19. Ne4 Qc6 20. Qf3 Rd8 21. Nd2 Bf2+ 22. Qxf2 Qxh1+ 23. Nf1 O-O 24. Qe3 Rd7
25. c3 Rfd8 26. Rc1 Rd3 27. Qe2 b5 28. Kf2 Rd2 29. Nxd2 Qxc1 30. Nb3 Qh1 31.
Nd4 Qxh2+ 32. Kf3 Qh1+ 33. Ke3 Rd5 34. a4 e5 35. Nf5 Rd1 36. Qf2 g6 37. Nh4 f5
38. Nf3 Rf1 0-1

[Event "Campeonato Brasileiro Amador 2019 U2200"]
[Site "Sao Paulo"]
[Date "2019.06.21"]
[Round "4.16"]
[White "Leite, Tarcisio Dantas Frot"]
[Black "Bortoloso, Moacir Canella"]
[Result "0-1"]
[WhiteElo "1572"]
[BlackElo "2143"]
[PlyCount "80"]
[EventDate "2019.06.20"]

{[%evp 0,61,16,28,100,-18,5,18,16,16,16,11,36,-51,10,10,-4,-1,53,29,91,50,50,
40,14,5,-2,-11,32,0,18,36,3,12,107,-31,-65,-46,-28,-36,-30,-46,-46,-46,-46,-54,
-38,-60,-57,-46,-42,-85,-85,-200,33,-11,0,-194,-27,-12,-16,0,0,-16]} 1. e4 c5
2. c3 Nf6 3. e5 Nd5 4. d4 cxd4 5. cxd4 e6 6. Qb3 Nc6 7. Nf3 d6 8. Nc3 Nxc3 9.
bxc3 Qc7 10. Bb5 Bd7 11. exd6 Bxd6 12. Bd2 a6 13. Bd3 b5 14. O-O h6 15. Qc2 Rc8
16. c4 Qa7 17. cxb5 Nb4 18. Qb3 Nxd3 19. b6 Qb7 20. Qxd3 Bb5 21. Qb3 Bxf1 22.
Rxf1 O-O 23. a4 Rc6 24. a5 Rfc8 25. d5 exd5 26. Qxd5 Bc5 27. Rb1 Bb4 28. Re1
Bxd2 29. Qxd2 Rc5 30. h3 Rd5 31. Qb4 Rb5 32. Qd6 Rxa5 33. Re7 Ra1+ 34. Kh2 Qb8
35. Rc7 Rc1 36. Rxc8+ Rxc8 37. Qxb8 Rxb8 38. Nd2 Rxb6 39. f3 Rb4 40. Kg1 a5 0-1

[Event "Campeonato Brasileiro Amador 2019 U2200"]
[Site "Sao Paulo"]
[Date "2019.06.21"]
[Round "4.19"]
[White "Abreu, Guilherme Correa"]
[Black "Ferreira, Jose Carlos"]
[Result "1-0"]
[WhiteElo "1997"]
[BlackElo "1832"]
[PlyCount "69"]
[EventDate "2019.06.20"]

{[%evp 0,68,16,25,25,28,28,-8,-16,-14,39,21,54,32,37,37,39,37,72,35,102,98,328,
41,38,38,37,-29999,58,60,53,44,69,39,83,77,77,72,64,53,118,80,75,91,75,68,75,
50,43,40,43,45,117,85,85,85,95,79,76,83,68,65,53,58,39,37,494,494,1310,1322,
1352]} 1. d4 d5 2. Nf3 e6 3. c4 Nf6 4. Nc3 c6 5. e3 Bb4 6. cxd5 exd5 7. Bd3 Bg4
8. Qb3 Qd6 9. Ne5 Bh5 10. O-O Bxc3 11. Qxc3 Bg6 12. Nxg6 hxg6 13. Qa3 Qc7 14.
f4 Nbd7 15. Bd2 Nf8 16. Rae1 Ne4 17. Bxe4 dxe4 18. Rc1 Qd7 19. Rc5 Rh5 20. Rxh5
gxh5 21. f5 Nh7 22. Qc5 Qd5 23. Qb4 O-O-O 24. a4 Kb8 25. Be1 f6 26. Bg3+ Ka8
27. Qe7 Qd7 28. Qxe4 Re8 29. Qd3 Ng5 30. Rf4 Qd5 31. Rh4 Ne4 32. Rxh5 Qa2 33.
Qxe4 Qa1+ 34. Kf2 Qxb2+ 35. Kf3 1-0

[Event "Campeonato Brasileiro Amador 2019 U2200"]
[Site "Sao Paulo"]
[Date "2019.06.21"]
[Round "4.21"]
[White "Da Conceicao, Daniel Firmino"]
[Black "Kajiwara, Flavio Toshio Prizon"]
[Result "1/2-1/2"]
[WhiteElo "1852"]
[BlackElo "1925"]
[PlyCount "64"]
[EventDate "2019.06.20"]

{[%evp 0,52,16,28,74,77,65,64,64,46,39,27,64,72,48,40,40,24,30,-7,-28,-19,-19,
-19,-11,-11,-11,-11,1,30,30,24,19,-13,0,-8,-42,-128,-114,-171,-168,-171,-127,
-141,-126,-126,-110,-95,-37,-79,-91,-126,-84,-136,-141]} 1. e4 Nf6 2. e5 Nd5 3.
d4 d6 4. c4 Nb6 5. exd6 cxd6 6. Nc3 g6 7. Be3 Bg7 8. Rc1 O-O 9. Bd3 Nc6 10. d5
Ne5 11. b3 Nxd3+ 12. Qxd3 Bf5 13. Qd2 Re8 14. Nf3 e6 15. O-O exd5 16. Nxd5 Nxd5
17. Qxd5 Be4 18. Qd1 Bb2 19. Nd4 Bxc1 20. Bxc1 b6 21. Qg4 Bd3 22. Rd1 Qf6 23.
Be3 h5 24. Qg3 Be4 25. Bg5 Qe5 26. Bf4 Qa5 27. a4 Bb7 28. f3 d5 29. Nb5 dxc4
30. Bd2 Rad8 31. Bxa5 Rxd1+ 32. Kf2 bxa5 1/2-1/2

[Event "Campeonato Brasileiro Amador 2019 U2200"]
[Site "Sao Paulo"]
[Date "2019.06.22"]
[Round "5.1"]
[White "Magalhaes, Jonathas Jose De"]
[Black "Labussiere, Victor"]
[Result "1-0"]
[WhiteElo "2094"]
[BlackElo "2096"]
[PlyCount "147"]
[EventDate "2019.06.20"]

{[%evp 0,71,26,20,34,-11,29,64,64,55,47,38,37,36,56,19,56,18,25,16,28,44,59,61,
64,60,58,67,74,48,77,81,81,54,97,57,45,28,104,95,68,80,125,113,47,104,94,34,42,
66,79,32,33,33,33,33,33,36,51,40,61,12,24,14,81,77,5,44,64,64,98,65,83,74]} 1.
d4 Nf6 2. c4 g6 3. Nc3 Bg7 4. e4 d6 5. Nf3 O-O 6. Be2 e5 7. d5 a5 8. O-O Na6 9.
Be3 Qe8 10. Ne1 Bd7 11. Nd3 b6 12. Qd2 Nc5 13. Nxc5 dxc5 14. Bh6 Qe7 15. Bg5
Qd6 16. f4 Ne8 17. f5 f6 18. Bh6 g5 19. Bxg7 Kxg7 20. h4 h6 21. Kf2 Qe7 22. Rh1
Nd6 23. Rh2 Rh8 24. Rah1 g4 25. h5 Kh7 26. g3 Rhg8 27. Rh4 Rg5 28. Qd1 a4 29.
b3 axb3 30. axb3 Ra3 31. Qc2 Qf8 32. Rxg4 Rxg4 33. Bxg4 Qa8 34. Be2 Ra1 35. Rb1
Qa5 36. Bd3 Qa3 37. Qb2 Qxb2+ 38. Rxb2 Kg7 39. Ra2 Rh1 40. Ra7 Kf7 41. Rxc7 Ke8
42. Ra7 Kd8 43. Ra8+ Bc8 44. Ra7 Bd7 45. Ra8+ Bc8 46. Na4 Kc7 47. Ra7+ Bb7 48.
Nc3 Kb8 49. Ra2 Rxh5 50. Kg2 Rg5 51. Ra1 Bc8 52. Rh1 Nf7 53. Be2 Bd7 54. Bh5
Nh8 55. d6 Bc6 56. Nd5 Bxd5 57. cxd5 Rg8 58. d7 Kc7 59. Be8 Kd8 60. Rxh6 Rf8
61. Rh7 b5 62. Kf2 c4 63. b4 c3 64. Ke2 Rg8 65. d6 Rxg3 66. Rxh8 Rg1 67. Bf7+
Kxd7 68. Be6+ Kxd6 69. Rc8 Rb1 70. Rxc3 Rxb4 71. Ke3 Ra4 72. Bd5 Ra6 73. Rc8 b4
74. Kd3 1-0

[Event "Campeonato Brasileiro Amador 2019 U2200"]
[Site "Sao Paulo"]
[Date "2019.06.22"]
[Round "5.2"]
[White "Tomiello, Lucas Costamilan"]
[Black "Federzoni, Enzo"]
[Result "1-0"]
[WhiteElo "2088"]
[BlackElo "2091"]
[PlyCount "63"]
[EventDate "2019.06.20"]

{[%evp 0,63,26,34,86,76,100,66,87,64,64,31,88,65,107,23,20,26,22,0,23,23,10,
-15,-10,-10,13,-36,-36,-36,-57,-57,-26,-26,-23,-74,-75,-75,-75,-187,-187,-129,
-2,-37,-47,-16,-32,-98,-91,-91,0,0,0,0,0,-1,-9,7,-2,0,27,23,33,17,147,317]} 1.
e4 c5 2. Nf3 d6 3. d4 cxd4 4. Nxd4 Nf6 5. Nc3 a6 6. Bg5 e6 7. f4 h6 8. Bh4 Qb6
9. Qd2 Qxb2 10. Rb1 Qa3 11. f5 Be7 12. fxe6 fxe6 13. Bc4 Nxe4 14. Nxe4 Bxh4+
15. g3 Bg5 16. Nxg5 hxg5 17. Rb3 Qc5 18. Rc3 Nc6 19. Nxe6 Bxe6 20. Bxe6 Qd4 21.
Qxd4 Nxd4 22. Bd5 Kd7 23. Rf1 Rae8+ 24. Kd1 Nb5 25. Rf7+ Re7 26. Rxe7+ Kxe7 27.
Re3+ Kd7 28. Bxb7 Rxh2 29. Bxa6 Rh1+ 30. Kd2 Nd4 31. Kc3 Ne6 32. Bb5+ 1-0

[Event "Campeonato Brasileiro Amador 2019 U2200"]
[Site "Sao Paulo"]
[Date "2019.06.22"]
[Round "5.3"]
[White "Ganhoto, Marco Alves"]
[Black "De Carvalho, Jose Jorge"]
[Result "0-1"]
[WhiteElo "2081"]
[BlackElo "2152"]
[PlyCount "101"]
[EventDate "2019.06.20"]

{[%evp 0,101,16,-16,-12,-16,50,9,35,-3,31,20,17,31,31,-15,-15,-26,-11,-26,28,
39,17,-34,1,-5,-5,-45,-31,-88,-50,-68,-36,-36,-71,-59,-20,-77,-60,-65,-59,-103,
-62,-113,-43,-50,-46,-70,-44,-71,-28,-69,-12,-75,-15,1,3,3,26,20,20,-62,-65,
-87,-83,-99,-91,-91,-98,-230,-230,-247,-292,-326,-326,-343,-306,-314,-313,-295,
-284,-292,-265,-341,-339,-408,-406,-405,-455,-444,-444,-467,-526,-554,-558,
-562,-427,-476,-664,-709,-709,-709,-709,-709]} 1. c4 Nf6 2. Nf3 g6 3. g3 Bg7 4.
Bg2 d6 5. O-O O-O 6. Nc3 Nc6 7. Rb1 e5 8. d3 a6 9. b4 Nh5 10. Nd5 Ne7 11. Nh4
c6 12. Nxe7+ Qxe7 13. e4 Nf4 14. gxf4 Qxh4 15. fxe5 Bxe5 16. f4 Bd4+ 17. Kh1 f5
18. Bd2 Be6 19. Be1 Qf6 20. Bg3 Qg7 21. Re1 Qd7 22. Qc2 Rae8 23. Re2 Qf7 24. a4
Rc8 25. Qd2 Qg7 26. b5 cxb5 27. axb5 axb5 28. Rxb5 b6 29. e5 dxe5 30. Rexe5
Bxe5 31. Rxe5 Bf7 32. Bf2 Qf6 33. Bd4 Qd6 34. Bc3 Rfd8 35. Bd5 Bxd5+ 36. cxd5
Qc5 37. Bb2 Rxd5 38. Re2 Qc6 39. Kg1 Rcd8 40. d4 Re8 41. Rf2 Qc4 42. Rf1 Re2
43. Qc3 Qxc3 44. Bxc3 Rc2 45. Rf3 Rb5 46. Be1 Rb1 47. Re3 Rcc1 48. Kf2 Rxe1 49.
Rxe1 Rxe1 50. Kxe1 Kf7 51. Kd2 0-1

[Event "Campeonato Brasileiro Amador 2019 U2200"]
[Site "Sao Paulo"]
[Date "2019.06.22"]
[Round "5.4"]
[White "Almeida Junior, Alvaro Alves De"]
[Black "Damaceno, Mateus Lima"]
[Result "1-0"]
[WhiteElo "2059"]
[BlackElo "2136"]
[PlyCount "145"]
[EventDate "2019.06.20"]

{[%evp 0,86,27,45,87,64,93,78,96,88,88,88,68,46,30,39,175,122,212,216,209,209,
205,202,208,202,227,231,217,217,228,206,192,186,182,181,194,152,212,168,213,
171,164,165,171,155,168,168,164,135,285,285,397,380,391,383,399,288,278,278,
289,231,212,187,201,122,137,135,136,136,128,117,137,97,103,103,103,103,103,103,
103,103,132,103,109,103,121,129,139]} 1. e4 g6 2. d4 Bg7 3. Nf3 d6 4. Bc4 Nc6
5. O-O Nf6 6. Re1 O-O 7. h3 Nxe4 8. d5 Nf6 9. dxc6 bxc6 10. Nc3 e5 11. Bb3 h6
12. Qd3 Kh8 13. Qc4 Bd7 14. Qh4 Nh5 15. Qxd8 Raxd8 16. g4 Nf4 17. Bxf4 exf4 18.
Re7 Kg8 19. Rae1 Bf6 20. R7e4 g5 21. Ra4 Ra8 22. Ra6 Rfb8 23. Re4 Kf8 24. a3
Bc8 25. Rxc6 Bb7 26. Rxc7 Bxe4 27. Nxe4 Be7 28. Nd4 Rc8 29. Rb7 Rcb8 30. Rxb8+
Rxb8 31. Nf5 d5 32. Nxe7 Kxe7 33. Nc5 Kd6 34. Nd3 a5 35. a4 h5 36. Ne1 hxg4 37.
hxg4 f6 38. Nf3 Kc5 39. Nd2 Re8 40. Kf1 Kd4 41. Nb1 Rh8 42. Ke2 Rh3 43. Nd2 Ke5
44. c4 dxc4 45. Bxc4 Kd4 46. Be6 Rh8 47. Nb3+ Ke5 48. Bc4 Ra8 49. Kf3 Ra7 50.
Bb5 Ra8 51. Nd2 Kd4 52. Nc4 Ra7 53. Nb6 Rc7 54. Nd7 Rc2 55. b3 Rc3+ 56. Kg2
Rxb3 57. Nxf6 Rc3 58. Nh7 Rc5 59. Nf8 Kc3 60. Nd7 Rd5 61. Nb8 f3+ 62. Kh2 Rxb5
63. axb5 a4 64. Nd7 a3 65. b6 a2 66. b7 a1=Q 67. b8=Q Kd3 68. Qb3+ Ke2 69. Qe3+
Kf1 70. Qxf3 Qd4 71. Nf6 Qd6+ 72. Kh3 Qe5 73. Qh1+ 1-0

[Event "Campeonato Brasileiro Amador 2019 U2200"]
[Site "Sao Paulo"]
[Date "2019.06.22"]
[Round "5.5"]
[White "Tomiello, Mateus Costamilan"]
[Black "Labussiere, Yago"]
[Result "1-0"]
[WhiteElo "2062"]
[BlackElo "2110"]
[PlyCount "133"]
[EventDate "2019.06.20"]

{[%evp 0,92,13,-4,100,57,70,62,53,47,28,31,86,77,102,77,87,53,96,71,100,82,108,
46,102,51,52,16,6,-15,23,-24,-1,-9,7,7,14,-29,23,6,43,15,21,13,52,7,17,-23,-17,
-7,-13,-1,-7,-7,-4,-29,4,15,5,-38,-35,-37,-23,-29,-28,-46,-46,-50,-46,-58,-58,
-58,-32,-47,-65,-66,15,-44,-44,-58,-60,-81,-84,-92,-84,-87,-91,-105,-106,-166,
-182,-183,-198,-174,-13]} 1. e4 c5 2. Nf3 Nc6 3. d4 cxd4 4. Nxd4 e6 5. Nc3 Qc7
6. Be3 a6 7. Be2 Nf6 8. O-O Bb4 9. Nxc6 bxc6 10. Qd3 d5 11. a3 Be7 12. exd5
cxd5 13. Na4 Rb8 14. b4 O-O 15. Rfc1 Rd8 16. Bc5 Bxc5 17. Nxc5 a5 18. c3 Ra8
19. a4 Qb6 20. Qb5 Qd6 21. Rab1 Nd7 22. h3 Qc7 23. Bf1 Rb8 24. Na6 Bxa6 25.
Qxa6 Ra8 26. Qe2 Nb6 27. Qa2 Qa7 28. b5 Rac8 29. Rc2 Rc5 30. Rbc1 Rdc8 31. Qb3
Qc7 32. Bd3 Qf4 33. Ra1 Qe5 34. Rac1 Qf4 35. Ra1 e5 36. g3 Qf6 37. Rac1 R8c7
38. Kg2 e4 39. Be2 Qe5 40. Bf1 Rc8 41. Kh2 Qc7 42. Bg2 Rc4 43. Rd2 g6 44. f3 e3
45. Rd3 d4 46. f4 Rxc3 47. Rdxc3 dxc3 48. Bc6 Qd6 49. Qxc3 Qd2+ 50. Kh1 Rd8 51.
Qa1 Qf2 52. Rf1 Qd2 53. Bf3 e2 54. Qe5 Nxa4 55. Bxe2 Nc3 56. Bf3 Qd4 57. Qxd4
Rxd4 58. b6 Rb4 59. b7 a4 60. Rc1 a3 61. Rxc3 a2 62. Ra3 Rb1+ 63. Kg2 Rb2+ 64.
Kf1 Rb1+ 65. Ke2 Rb2+ 66. Kd3 Rb1 67. Kc2 1-0

[Event "Campeonato Brasileiro Amador 2019 U2200"]
[Site "Sao Paulo"]
[Date "2019.06.22"]
[Round "5.6"]
[White "Mariani, Daniel Brandao"]
[Black "Marcolino, Antonio Claudio H."]
[Result "1/2-1/2"]
[WhiteElo "2037"]
[BlackElo "2103"]
[PlyCount "98"]
[EventDate "2019.06.20"]

{[%evp 0,68,18,0,10,8,22,30,9,38,30,-13,61,13,19,-22,-22,47,64,61,73,40,31,101,
297,88,212,0,167,52,212,184,172,165,188,175,184,165,157,146,145,59,123,45,65,
76,76,64,39,-50,-45,-26,6,-30,-23,-61,21,34,173,177,216,201,189,187,217,206,
225,211,230,209,201]} 1. d4 d5 2. c4 c6 3. cxd5 cxd5 4. Nc3 Nf6 5. f3 Bf5 6.
Bg5 Qb6 7. Bxf6 exf6 8. Nxd5 Qa5+ 9. Nc3 Bb4 10. Kf2 O-O 11. e4 Rd8 12. Nge2
Nc6 13. Nd5 Bf8 14. a3 Rd7 15. b4 Qd8 16. Nec3 Bg6 17. g3 f5 18. Bg2 Rc8 19.
Re1 a5 20. Na2 axb4 21. axb4 Nxb4 22. Naxb4 Bxb4 23. Re2 fxe4 24. fxe4 Bc3 25.
Nxc3 Rxc3 26. Rd2 Rc4 27. Ra4 Qf6+ 28. Kg1 Rc8 29. Bh3 Rdc7 30. Bxc8 Rxc8 31.
Rc2 Rd8 32. d5 h6 33. Rf2 Qc3 34. Qd4 Qe1+ 35. Rf1 Qe2 36. Rf2 Qe1+ 37. Kg2 Re8
38. Rf4 Qe2+ 39. Kg1 Rc8 40. Ra1 Rc4 41. Qf2 Qd3 42. Re1 Rc2 43. Qe3 Qc4 44.
Rf2 Rc3 45. Qe2 Qc5 46. Kg2 b5 47. Qb2 b4 48. Rd2 b3 49. d6 Qe5 1/2-1/2

[Event "Campeonato Brasileiro Amador 2019 U2200"]
[Site "Sao Paulo"]
[Date "2019.06.22"]
[Round "5.7"]
[White "Costa, Henrique De Jesus"]
[Black "Do Valle Cardoso, Lucas"]
[Result "1-0"]
[WhiteElo "1800"]
[BlackElo "2198"]
[PlyCount "97"]
[EventDate "2019.06.20"]

{[%evp 0,81,26,5,21,38,86,38,50,45,42,49,42,40,30,2,6,4,5,10,10,-21,10,5,-10,
-27,-36,-53,-34,-16,-13,-12,-15,-13,32,-26,-15,-15,-3,-21,-27,-46,-36,-35,-35,
-35,-10,-78,-87,-102,-78,-78,-69,-101,-26,-97,-92,-90,-2,-21,47,103,104,90,90,
90,95,103,124,66,60,60,218,213,242,232,315,261,387,297,297,243,308,231]} 1. d4
Nf6 2. Bf4 g6 3. e3 Bg7 4. Nf3 d6 5. h3 O-O 6. Be2 Nbd7 7. O-O b6 8. Nbd2 Bb7
9. c3 Re8 10. a4 a6 11. Qb3 e5 12. Bg5 e4 13. Ne1 h6 14. Bh4 g5 15. Bg3 a5 16.
Nc2 Nf8 17. Na3 Ng6 18. Rae1 Qe7 19. Nb5 h5 20. Qc4 h4 21. Bh2 Rec8 22. Qb3 Rf8
23. f4 gxf4 24. exf4 Qd7 25. f5 Ne7 26. Bg4 Kh7 27. Nc4 Bd5 28. Qa2 Neg8 29. b3
Bxc4 30. bxc4 Nh6 31. Qf2 Nfxg4 32. hxg4 Bf6 33. Rxe4 Rg8 34. Qe2 Rae8 35. Rff4
c6 36. Nxd6 Rd8 37. Rf1 Rg7 38. Be5 Qe7 39. c5 bxc5 40. dxc5 Bxe5 41. Rxe5 Qa7
42. Ne4 Nxg4 43. f6 Nxe5 44. Qh5+ Kg8 45. fxg7 Ng6 46. Qh6 Rd6 47. Re1 f5 48.
Ng5 Qxc5+ 49. Kh1 1-0

[Event "Campeonato Brasileiro Amador 2019 U2200"]
[Site "Sao Paulo"]
[Date "2019.06.22"]
[Round "5.8"]
[White "Januario, Severino Pereira"]
[Black "Pomar, Marcelo Nascimento"]
[Result "1/2-1/2"]
[WhiteElo "2135"]
[BlackElo "2019"]
[PlyCount "63"]
[EventDate "2019.06.20"]

{[%evp 0,63,18,18,36,18,18,12,31,-27,-4,-6,23,-44,-5,-1,3,-17,3,-43,-31,-30,
-28,-14,12,-42,6,0,32,3,34,-7,57,37,62,37,61,28,45,53,53,38,33,-13,29,4,48,16,
45,26,53,35,-4,7,10,1,8,44,51,33,78,46,67,22,92,-5]} 1. e4 e5 2. Nf3 Nc6 3. Bb5
a6 4. Ba4 Nf6 5. O-O Be7 6. Re1 b5 7. Bb3 O-O 8. a4 Bb7 9. c3 d6 10. d4 h6 11.
Nbd2 Re8 12. Nf1 Bf8 13. Ng3 g6 14. h3 Bg7 15. d5 Ne7 16. Be3 Rf8 17. Nh2 Kh7
18. f4 exf4 19. Bxf4 Nd7 20. axb5 axb5 21. Qd2 Ne5 22. Qe2 Qd7 23. Nf3 Nxf3+
24. Qxf3 b4 25. Qd3 bxc3 26. bxc3 Rfb8 27. Bc2 Qc8 28. Rxa8 Rxa8 29. c4 Ra1 30.
Rxa1 Bxa1 31. Be3 Qd8 32. h4 1/2-1/2